000 00513nam a2200169Ia 4500
999 _c3671
_d3671
003 OSt
005 20200827112739.0
008 190216s9999||||xx |||||||||||||| ||und||
020 _a9789382956037
040 _coclc
082 _a535.84
_bBHA/B
100 _aBhattamisra, S D
_94387
245 0 _aBasic Principles Of Spectroscopy /
_cS D Bhattamisra ; P Gouda
260 _bVishal Publishing Company,
_c2014.
_aJalandhar:
300 _a243p
942 _cBK
_2ddc
_h535.84
_iBHA/B
_k535.84
_mBHA/B